[Event "Irish International Open 2019"]
[Site "Dublin IRL"]
[Date "2019.04.17"]
[Round "1.42"]
[White "Dimitrov, Nikolai"]
[Black "Schmitz, Manuela"]
[Result "0-1"]
[BlackTitle "WFM"]
[WhiteElo "1411"]
[BlackElo "1968"]
[WhiteICU "1131"]
[WhiteClub "Skerries"]
[WhiteNationality "IRL"]
[BlackNationality "GER"]
[WhiteFideId "2511649"]
[BlackFideId "4626001"]
[PlyCount "96"]
[EventDate "2019.04.17"]
[ICUid "50093"]
[HashCode "545c9bf4"]

{ Event information: <a
href="http://www.irlchess.com/irishopen2019_allfiles/pairings_irishopen2019.html">Tournament
report</a>. }

1. c4 e6 2. Nf3 Nf6 3. Nc3 d5 4. cxd5 exd5 5. e3 c6 6. d4 Bf5 7. Bd3 Bxd3
8. Qxd3 Nbd7 9. O-O Be7 10. Re1 O-O 11. e4 dxe4 12. Nxe4 Bb4 13. Re2 Nxe4
14. Rxe4 Nc5 15. Qc4 Nxe4 16. Qxb4 Qb6 17. Qc4 Nd6 18. Qc2 Rfe8 19. Be3 Qb5
20. Ng5 Qf5 21. Qb3 h6 22. Nf3 Qd5 23. Qc2 Nc4 24. Bf4 Re4 25. Bg3 Rae8 26.
h3 Re2 27. Qa4 a5 28. b3 Nb2 29. Qa3 Nd3 30. Qa4 Ra8 31. Rb1 b5 32. Qa3 b4
33. Qa4 Nb2 34. Rxb2 Rxb2 35. Bc7 f6 36. Bb6 Rc2 37. a3 Ra2 38. Bxa5 Rxa5
39. Qxb4 R2xa3 40. Qc3 Ra1+ 41. Kh2 Qd6+ 42. g3 Qd5 43. Qe3 Rb1 44. g4 Rxb3
45. Qe7 Rxf3 46. Qb7 Rxf2+ 47. Kg3 Rf3+ 48. Kh4 Qg5# 0-1

[Event "Irish International Open 2019"]
[Site "Dublin IRL"]
[Date "2019.04.17"]
[Round "1.43"]
[White "Carroll, Peter"]
[Black "Robinson, Nette"]
[Result "1-0"]
[WhiteElo "2006"]
[BlackElo "1343"]
[WhiteICU "2111"]
[WhiteClub "Gonzaga"]
[WhiteNationality "IRL"]
[BlackNationality "ENG"]
[WhiteFideId "2510243"]
[BlackFideId "441996"]
[PlyCount "53"]
[EventDate "2019.04.17"]
[ICUid "50094"]
[HashCode "38ae8f41"]

{ Event information: <a
href="http://www.irlchess.com/irishopen2019_allfiles/pairings_irishopen2019.html">Tournament
report</a>. }

1. d4 Nf6 2. c4 e6 3. Nc3 Bb4 4. Qc2 O-O 5. Bg5 b6 6. e4 Be7 7. e5 Ne8 8.
h4 c5 9. Qe4 Nc7 10. Bd3 g6 11. Nb5 Nba6 12. Bh6 Re8 13. Nd6 cxd4 14. h5
Nc5 15. hxg6 Nxd3+ 16. Qxd3 fxg6 17. Qh3 d3 18. Bd2 h5 19. Qg3 Kg7 20. Bh6+
Kh7 21. Nf7 Bb4+ 22. Kf1 Qe7 23. Nf3 Rf8 24. N3g5+ Qxg5 25. Bxg5 Rxf7 26.
Qxd3 Ba6 27. Rxh5+ 1-0

[Event "Irish International Open 2019"]
[Site "Dublin IRL"]
[Date "2019.04.17"]
[Round "1.45"]
[White "Plaza Reino, Mercedes"]
[Black "Wang, Eric"]
[Result "1-0"]
[WhiteElo "1927"]
[BlackElo "1268"]
[WhiteICU "1893"]
[BlackICU "1115"]
[WhiteClub "Enniscorthy"]
[BlackClub "St. Benildus"]
[WhiteNationality "IRL"]
[BlackNationality "IRL"]
[WhiteFideId "24511951"]
[BlackFideId "2511320"]
[PlyCount "63"]
[EventDate "2019.04.17"]
[ICUid "50096"]
[HashCode "3edf9c64"]

{ Event information: <a
href="http://www.irlchess.com/irishopen2019_allfiles/pairings_irishopen2019.html">Tournament
report</a>. }

1. d4 d5 2. c4 e6 3. Nc3 Nf6 4. Bg5 Be7 5. e3 Bd7 6. Nf3 h6 7. Bxf6 Bxf6 8.
cxd5 exd5 9. Nxd5 Bg4 10. Nxf6+ Qxf6 11. Be2 O-O 12. Rc1 c6 13. Ne5 Be6 14.
O-O Nd7 15. Nd3 Bd5 16. Nf4 Be4 17. f3 Bh7 18. Qb3 Qe7 19. e4 Qd6 20. Qe3
Nb6 21. Rfd1 Rfe8 22. Qd2 Rad8 23. Bf1 Kh8 24. Ne2 f5 25. exf5 Qd5 26. f6
Rg8 27. Rc5 Qe6 28. fxg7+ Rxg7 29. Rh5 Rg5 30. Rxg5 hxg5 31. Qxg5 Rg8 32.
Qe5+ 1-0

[Event "Irish International Open 2019"]
[Site "Dublin IRL"]
[Date "2019.04.18"]
[Round "2.9"]
[White "Fox, Anthony"]
[Black "Thorfinnsson, Bjorn"]
[Result "0-1"]
[BlackTitle "IM"]
[WhiteElo "2031"]
[BlackElo "2399"]
[WhiteICU "2012"]
[WhiteClub "Dun Laoghaire"]
[WhiteNationality "IRL"]
[BlackNationality "ISL"]
[WhiteFideId "2500736"]
[BlackFideId "2300982"]
[PlyCount "72"]
[EventDate "2019.04.17"]
[BlackFullName "&THORN;orfinnsson, Bj&ouml;rn"]
[ICUid "50106"]
[HashCode "3f4238fa"]

{ Event information: <a
href="http://www.irlchess.com/irishopen2019_allfiles/pairings_irishopen2019.html">Tournament
report</a>. }

1. e4 e5 2. Nf3 Nc6 3. Nc3 g6 4. d4 exd4 5. Nxd4 Bg7 6. Be3 Nge7 7. Qd2 d6
8. O-O-O a6 9. Nxc6 Nxc6 10. Bh6 O-O 11. Bxg7 Kxg7 12. h4 h5 13. f3 Be6 14.
Kb1 Rh8 15. Be2 Qf6 16. f4 Rad8 17. Bf3 Rde8 18. Ne2 Kf8 19. Ng3 Bc8 20.
Ne2 Re7 21. Nc3 Be6 22. Nd5 Bxd5 23. exd5 Nb8 24. g3 Kg7 25. Rhe1 Rhe8 26.
Rxe7 Qxe7 27. Qc3+ Kg8 28. b3 Qe3 29. Kb2 Nd7 30. Rd3 Qg1 31. Qxc7 Nc5 32.
Rd1 Qxg3 33. Bh1 Qxf4 34. a3 Re2 35. Qd8+ Kg7 36. Qa5 Qxh4 0-1

[Event "Irish International Open 2019"]
[Site "Dublin IRL"]
[Date "2019.04.18"]
[Round "2.10"]
[White "Jackson, James P."]
[Black "Flynn, Jacob"]
[Result "1-0"]
[WhiteTitle "FM"]
[WhiteElo "2388"]
[BlackElo "2011"]
[BlackICU "2000"]
[BlackClub "Malahide"]
[WhiteNationality "ENG"]
[BlackNationality "IRL"]
[WhiteFideId "416860"]
[BlackFideId "2509393"]
[PlyCount "43"]
[EventDate "2019.04.17"]
[ICUid "50107"]
[HashCode "29b6d65d"]

{ Event information: <a
href="http://www.irlchess.com/irishopen2019_allfiles/pairings_irishopen2019.html">Tournament
report</a>. }

1. e4 d5 2. exd5 Qxd5 3. Nc3 Qa5 4. d4 Nf6 5. Bc4 c6 6. Bd2 Bf5 7. Nf3 e6
8. Nd5 Qd8 9. Nxf6+ gxf6 10. O-O Bd6 11. Re1 Nd7 12. Nh4 Bg6 13. Bxe6 fxe6
14. Rxe6+ Be7 15. Qe2 Kf7 16. Re1 Bf8 17. c4 Nb6 18. Bc3 Na4 19. f4 Nxc3
20. bxc3 f5 21. Rxg6 Qe7 22. Rg7+ 1-0

[Event "Irish International Open 2019"]
[Site "Dublin IRL"]
[Date "2019.04.18"]
[Round "2.11"]
[White "Longson, Alexander"]
[Black "Schmitz, Andreas Arnold"]
[Result "1-0"]
[WhiteTitle "FM"]
[BlackTitle "CM"]
[WhiteElo "2318"]
[BlackElo "2003"]
[WhiteNationality "ENG"]
[BlackNationality "GER"]
[WhiteFideId "408093"]
[BlackFideId "4609875"]
[PlyCount "121"]
[EventDate "2019.04.17"]
[ICUid "50108"]
[HashCode "7e42ec2d"]

{ Event information: <a
href="http://www.irlchess.com/irishopen2019_allfiles/pairings_irishopen2019.html">Tournament
report</a>. }

1. d4 d5 2. c4 dxc4 3. e3 e5 4. Bxc4 exd4 5. exd4 Nf6 6. Qb3 Qe7+ 7. Ne2
Qb4+ 8. Nbc3 Qxb3 9. Bxb3 Bb4 10. O-O Bg4 11. Nf4 O-O 12. f3 Bd7 13. Nd3 a5
14. Bg5 Bxc3 15. bxc3 a4 16. Bc2 Nd5 17. Bd2 b5 18. Rab1 Nb6 19. Nc5 Bc6
20. Bd3 Bd5 21. Rxb5 Bxa2 22. Ra1 Bd5 23. Bf4 Bc6 24. Rb2 Nd5 25. Bd2 Nd7
26. Nxd7 Bxd7 27. Be4 c6 28. Bc2 c5 29. Be4 Bc6 30. c4 Ne7 31. d5 f5 32.
Bc2 Be8 33. Be3 Ra5 34. Rba2 Nc8 35. Bxa4 Bxa4 36. Rxa4 Rxa4 37. Rxa4 Nb6
38. Ra7 Rc8 39. Bd2 Nxc4 40. Bc3 Rd8 41. Rxg7+ Kf8 42. Rxh7 Rxd5 43. Rc7
Ke8 44. h4 f4 45. Bf6 Ne3 46. Bg5 Rd1+ 47. Kh2 Rd2 48. Bxf4 Rxg2+ 49. Kh3
Re2 50. Rxc5 Ng2 51. Bg3 Kf7 52. Kg4 Ne3+ 53. Kg5 Rg2 54. Kf4 Nf1 55. Be1
Nh2 56. Rc1 Rg1 57. Bd2 Rg2 58. Be3 Ra2 59. Bg1 Ra4+ 60. Kg3 Nxf3 61. Rf1
1-0

[Event "Irish International Open 2019"]
[Site "Dublin IRL"]
[Date "2019.04.18"]
[Round "2.13"]
[White "Schmitz, Manuela"]
[Black "Fitzsimons, David"]
[Result "0-1"]
[WhiteTitle "WFM"]
[BlackTitle "IM"]
[WhiteElo "1968"]
[BlackElo "2299"]
[BlackICU "2343"]
[BlackClub "Elm Mount"]
[WhiteNationality "GER"]
[BlackNationality "IRL"]
[WhiteFideId "4626001"]
[BlackFideId "2501961"]
[PlyCount "104"]
[EventDate "2019.04.17"]
[ICUid "50110"]
[HashCode "663df4dc"]

{ Event information: <a
href="http://www.irlchess.com/irishopen2019_allfiles/pairings_irishopen2019.html">Tournament
report</a>. }

1. d4 g6 2. Nf3 Bg7 3. e4 d6 4. c4 Nf6 5. Nc3 O-O 6. Be2 Na6 7. h3 e5 8.
dxe5 dxe5 9. Qxd8 Rxd8 10. Be3 Nh5 11. O-O Nf4 12. Rfd1 Nxe2+ 13. Nxe2 Re8
14. Ne1 c6 15. Nc3 Nc7 16. Nc2 f5 17. f3 f4 18. Bf2 g5 19. Rd2 h5 20. Rad1
g4 21. hxg4 hxg4 22. Kf1 Ne6 23. b3 Kf7 24. Ke2 Rh8 25. Bg1 Rh1 26. Na4 Bf8
27. Nb2 Ng5 28. Nd3 Kf6 29. Nf2 Rh4 30. Rd8 gxf3+ 31. gxf3 Be7 32. R8d3 Be6
33. Ne1 Rg8 34. R3d2 Nf7 35. Ned3 Rg3 36. Rf1 Ng5 37. Ne1 Bb4 38. Rd3 Bc5
39. Ng4+ Bxg4 40. Bxc5 Nxe4 41. Bxa7 Rh2+ 42. Bf2 Bh5 43. b4 Ng5 44. Kd1
Rgh3 45. Rd6+ Kf5 46. Bb6 Nxf3 47. Nxf3 Bxf3+ 48. Kc1 Rxa2 49. Kb1 Rg2 50.
Bd8 Be4+ 51. Kc1 Rc3+ 52. Kd1 Bc2+ 0-1

[Event "Irish International Open 2019"]
[Site "Dublin IRL"]
[Date "2019.04.18"]
[Round "2.15"]
[White "Cafolla, Peter"]
[Black "Mannion, Stephen R."]
[Result "1/2-1/2"]
[BlackTitle "IM"]
[WhiteElo "1949"]
[BlackElo "2285"]
[WhiteICU "1931"]
[WhiteClub "Rathmines"]
[WhiteNationality "IRL"]
[BlackNationality "SCO"]
[WhiteFideId "2500884"]
[BlackFideId "2400111"]
[PlyCount "48"]
[EventDate "2019.04.17"]
[ICUid "50112"]
[HashCode "2b085908"]

{ Event information: <a
href="http://www.irlchess.com/irishopen2019_allfiles/pairings_irishopen2019.html">Tournament
report</a>. }

1. e4 e5 2. Nc3 Nf6 3. Bc4 Nc6 4. d3 Na5 5. Bb3 Nxb3 6. axb3 d5 7. exd5 Bb4
8. Bd2 Nxd5 9. Qh5 O-O 10. Nge2 Re8 11. O-O g6 12. Qf3 Be6 13. Qg3 f5 14.
f4 exf4 15. Nxf4 Nxf4 16. Bxf4 c6 17. Rfe1 Bc5+ 18. Be3 Bxe3+ 19. Qxe3 a6
20. Qf4 Qb6+ 21. Qe3 Qc7 22. Qe5 Qf7 23. Qc5 Rad8 24. Re2 Bc8 1/2-1/2

[Event "Irish International Open 2019"]
[Site "Dublin IRL"]
[Date "2019.04.18"]
[Round "2.16"]
[White "Daly, Colm"]
[Black "Carroll, Peter"]
[Result "1-0"]
[WhiteTitle "FM"]
[WhiteElo "2278"]
[BlackElo "2006"]
[BlackICU "2111"]
[BlackClub "Gonzaga"]
[WhiteNationality "IRL"]
[BlackNationality "IRL"]
[WhiteFideId "2500434"]
[BlackFideId "2510243"]
[PlyCount "46"]
[EventDate "2019.04.17"]
[ICUid "50113"]
[HashCode "304c01b8"]

{ Event information: <a
href="http://www.irlchess.com/irishopen2019_allfiles/pairings_irishopen2019.html">Tournament
report</a>. }

1. Nf3 Nf6 2. c4 g6 3. Nc3 Bg7 4. g3 O-O 5. Bg2 d6 6. d3 e5 7. O-O h6 8.
Rb1 a5 9. a3 Re8 10. e4 Be6 11. h3 Nbd7 12. b3 c6 13. d4 exd4 14. Nxd4 Nc5
15. Bf4 a4 16. b4 Nb3 17. Nxe6 Rxe6 18. Nxa4 Rxa4 19. Rxb3 Nxe4 20. Re3
Nxg3 21. Rxe6 fxe6 22. fxg3 Rxa3 23. Qxd6 Qb6+ 1-0

[Event "Irish International Open 2019"]
[Site "Dublin IRL"]
[Date "2019.04.18"]
[Round "2.17"]
[White "Duffy, Seamus"]
[Black "Pulkkinen, Kari"]
[Result "0-1"]
[BlackTitle "FM"]
[WhiteElo "1921"]
[BlackElo "2265"]
[WhiteICU "1845"]
[WhiteClub "Dun Laoghaire"]
[WhiteNationality "IRL"]
[BlackNationality "FIN"]
[WhiteFideId "2501708"]
[BlackFideId "500712"]
[PlyCount "74"]
[EventDate "2019.04.17"]
[WhiteFullName "Duffy, S&eacute;amus"]
[ICUid "50114"]
[HashCode "450487e3"]

{ Event information: <a
href="http://www.irlchess.com/irishopen2019_allfiles/pairings_irishopen2019.html">Tournament
report</a>. }

1. b3 a5 2. a4 Nf6 3. Bb2 e6 4. e3 Be7 5. f4 O-O 6. Nf3 b6 7. Nc3 Bb7 8.
Be2 Na6 9. O-O Nb4 10. Ne5 d6 11. Nd3 Ba6 12. Nxb4 axb4 13. Na2 Bxe2 14.
Qxe2 d5 15. Rf3 c5 16. Rh3 g6 17. g4 Qd7 18. Rf1 b5 19. g5 Ne8 20. Rff3 f6
21. Rh6 bxa4 22. bxa4 Rxa4 23. Nc1 c4 24. Rfh3 Rf7 25. Qg4 Bf8 26. gxf6
Bxh6 27. Rxh6 Nxf6 28. Qg5 c3 29. dxc3 Ne4 30. Qe5 Qa7 31. Rh3 bxc3 32.
Bxc3 Nxc3 33. Qxc3 Raxf4 34. Qc8+ Kg7 35. Qc3+ d4 36. Qb2 Rf1+ 37. Kg2 Qa8+
0-1

[Event "Irish International Open 2019"]
[Site "Dublin IRL"]
[Date "2019.04.18"]
[Round "2.19"]
[White "Sokolinsky, Yaakov"]
[Black "Mihalik, Agoston"]
[Result "1/2-1/2"]
[WhiteElo "1884"]
[BlackElo "2203"]
[WhiteNationality "ISR"]
[BlackNationality "HUN"]
[WhiteFideId "2815435"]
[BlackFideId "719021"]
[PlyCount "130"]
[EventDate "2019.04.17"]
[ICUid "50116"]
[HashCode "7cec8d28"]

{ Event information: <a
href="http://www.irlchess.com/irishopen2019_allfiles/pairings_irishopen2019.html">Tournament
report</a>. }

1. e4 c5 2. Nf3 d6 3. d4 cxd4 4. Nxd4 Nf6 5. Nc3 a6 6. Bg5 Nbd7 7. f4 Qa5
8. Qf3 h6 9. Nb3 Qc7 10. Bxf6 Nxf6 11. h3 e6 12. O-O-O Nd7 13. Bd3 Nc5 14.
Nxc5 Qxc5 15. e5 Qa5 16. Kb1 d5 17. f5 Bb4 18. Ne2 exf5 19. Nd4 O-O 20. g4
Qb6 21. Bxf5 Rd8 22. Rhf1 Bxf5 23. gxf5 Rac8 24. Qg3 Rc4 25. Nb3 a5 26. Nd2
Rcc8 27. Rg1 Bf8 28. f6 g6 29. Nf3 Ba3 30. b3 Rc3 31. Qf4 Qe3 32. Qxe3 Rxe3
33. Rgf1 d4 34. Nxd4 Rxe5 35. c4 b6 36. Nb5 Rxd1+ 37. Rxd1 Bc5 38. Rd8+ Kh7
39. Rd7 g5 40. Rxf7+ Kg6 41. Rb7 Kxf6 42. Nc3 Kf5 43. Nd5 Re6 44. a3 Ke4
45. b4 axb4 46. axb4 Bg1 47. Kc2 Kf3 48. Rf7+ Kg3 49. Rf1 Bf2 50. Nc3 Kg2
51. Rd1 Kxh3 52. Rd3+ Kg2 53. Rd5 Be1 54. c5 bxc5 55. bxc5 Bg3 56. Kd3 Kf3
57. Nb5 Re3+ 58. Kc4 Re4+ 59. Nd4+ Ke3 60. c6 Be5 61. Kb5 g4 62. Nf5+ Kf4
63. Nd6 Bxd6 64. Rxd6 Re1 65. Rxh6 Rc1 1/2-1/2

[Event "Irish International Open 2019"]
[Site "Dublin IRL"]
[Date "2019.04.18"]
[Round "2.20"]
[White "Han, Yichen"]
[Black "Putar, Leon"]
[Result "1-0"]
[WhiteElo "2190"]
[BlackElo "1549"]
[BlackICU "1651"]
[WhiteNationality "NED"]
[BlackNationality "CRO"]
[WhiteFideId "1054430"]
[BlackFideId "14546612"]
[PlyCount "85"]
[EventDate "2019.04.17"]
[ICUid "50117"]
[HashCode "5727bb90"]

{ Event information: <a
href="http://www.irlchess.com/irishopen2019_allfiles/pairings_irishopen2019.html">Tournament
report</a>. }

1. e4 c6 2. d4 d5 3. Nc3 dxe4 4. Nxe4 Bf5 5. Ng3 Bg6 6. N1e2 Nf6 7. Nf4 e6
8. h4 Bd6 9. h5 Be4 10. Nxe4 Nxe4 11. Bd3 Qa5+ 12. Kf1 Nf6 13. Qe2 Qc7 14.
g3 Nd5 15. Nxd5 cxd5 16. Qg4 f5 17. Qe2 Qe7 18. Kg2 Nc6 19. c3 Kd7 20. Be3
Rae8 21. c4 Rhf8 22. f4 dxc4 23. Bxc4 a6 24. Qf3 Rb8 25. d5 exd5 26. Bxd5
Nb4 27. Bb3 Rfe8 28. Bf2 Qe4 29. Rad1 Rbc8 30. Rd4 Qxf3+ 31. Kxf3 Rc6 32.
Rhd1 Kc7 33. a3 Nc2 34. Bxc2 Rxc2 35. Rxd6 Rxb2 36. Rd7+ Kc8 37. Rxg7 Rb3+
38. Kg2 Rxa3 39. Rxh7 b5 40. h6 b4 41. Ra7 Kb8 42. h7 b3 43. Rg7 1-0

[Event "Irish International Open 2019"]
[Site "Dublin IRL"]
[Date "2019.04.18"]
[Round "2.21"]
[White "Khairil, Muhd Khairil Asyraf"]
[Black "Menzies, Colin"]
[Result "0-1"]
[WhiteElo "1522"]
[BlackElo "2183"]
[WhiteICU "1626"]
[WhiteClub "Galway"]
[WhiteNationality "MAS"]
[BlackNationality "IRL"]
[WhiteFideId "5712467"]
[BlackFideId "2502755"]
[PlyCount "63"]
[EventDate "2019.04.17"]
[HashCode "429937e3"]

{ Event information: <a
href="http://www.irlchess.com/irishopen2019_allfiles/pairings_irishopen2019.html">Tournament
report</a>. }

1. e4 d6 2. d4 Nf6 3. Nc3 g6 4. Nf3 Bg7 5. Be2 c6 6. O-O O-O 7. a4 Qc7 8.
e5 dxe5 9. Nxe5 Nd5 10. Nxd5 cxd5 11. Bf4 Qb6 12. Qd2 Nc6 13. Nxc6 bxc6 14.
c3 a5 15. Rfe1 Ra7 16. Bd3 Ba6 17. Rab1 Bxd3 18. Qxd3 Qb3 19. Ra1 Rc8 20.
Re2 e6 21. h4 Rb7 22. h5 c5 23. dxc5 Rxc5 24. Qa6 Rc8 25. Rxe6 Qxb2 26.
Rae1 Rf8 27. Re8 Rb6 28. Qxa5 gxh5 29. Qxd5 Rf6 30. a5 Qxc3 31. Bd6 Qc2 32.
Qc5 { The result was initially given as 1-0. Later White's results for the
first three games were changed from wins to losses, and he was not paired
from round 6 onwards. } 0-1

[Event "Irish International Open 2019"]
[Site "Dublin IRL"]
[Date "2019.04.18"]
[Round "2.22"]
[White "Fitzpatrick, Kevin"]
[Black "Schut, Han"]
[Result "0-1"]
[WhiteElo "1427"]
[BlackElo "2173"]
[WhiteICU "1249"]
[WhiteClub "Galway"]
[WhiteNationality "IRL"]
[BlackNationality "NED"]
[WhiteFideId "2505886"]
[BlackFideId "1005561"]
[PlyCount "56"]
[EventDate "2019.04.17"]
[HashCode "39041fe8"]

{ Event information: <a
href="http://www.irlchess.com/irishopen2019_allfiles/pairings_irishopen2019.html">Tournament
report</a>. }

1. d4 Nf6 2. Nf3 g6 3. e3 Bg7 4. Bd3 O-O 5. Nbd2 d5 6. O-O c5 7. c3 Nbd7 8.
e4 dxe4 9. Nxe4 Nxe4 10. Bxe4 Qc7 11. Ng5 cxd4 12. Nxf7 Kxf7 13. cxd4 Kg8
14. f4 Qd6 15. Be3 Nf6 16. Bf3 Be6 17. g4 Nd5 18. Bf2 Nxf4 19. Kh1 Bc4 20.
Re1 Nd3 21. Bg3 Qxd4 22. Re4 Nf2+ 23. Bxf2 Qxf2 24. Bg2 Rad8 25. Qa4 b5 26.
Qa6 Rd2 27. Rg1 Bf1 28. Qe6+ Kh8 0-1

[Event "Irish International Open 2019"]
[Site "Dublin IRL"]
[Date "2019.04.18"]
[Round "2.26"]
[White "Scallan, Fiachra"]
[Black "Putar, Lara"]
[Result "1-0"]
[WhiteElo "1899"]
[BlackElo "1641"]
[WhiteICU "1926"]
[BlackICU "1506"]
[WhiteClub "Rathmines"]
[WhiteNationality "IRL"]
[BlackNationality "CRO"]
[WhiteFideId "2507528"]
[BlackFideId "14546604"]
[PlyCount "83"]
[EventDate "2019.04.17"]
[ICUid "50121"]
[HashCode "53c83376"]

{ Event information: <a
href="http://www.irlchess.com/irishopen2019_allfiles/pairings_irishopen2019.html">Tournament
report</a>. }

1. e4 c6 2. d4 d5 3. Nc3 dxe4 4. Nxe4 Bf5 5. Ng3 Bg6 6. h4 h6 7. Nh3 Nd7 8.
Nf4 Bh7 9. Bc4 e6 10. Qe2 Qe7 11. c3 Ngf6 12. O-O Nb6 13. Re1 Nfd5 14. Bxd5
Nxd5 15. Qg4 Nf6 16. Qf3 Qd7 17. Ngh5 Rg8 18. Nxf6+ gxf6 19. Nh5 Bg7 20.
Qxf6 Bxf6 21. Nxf6+ Ke7 22. Nxd7 Kxd7 23. Bxh6 Rg6 24. Bf4 Rag8 25. g3 R6g7
26. Rad1 Bf5 27. c4 Bg4 28. Rd3 Bf5 29. Rd2 f6 30. d5 e5 31. dxc6+ Kxc6 32.
Be3 b6 33. c5 Rg4 34. Rd6+ Kc7 35. Rxf6 Be4 36. cxb6+ axb6 37. Bxb6+ Kb7
38. Kh2 Bc6 39. Bc5 e4 40. Rd1 Rc8 41. Rdd6 Ba4 42. Rf7+ 1-0

[Event "Irish International Open 2019"]
[Site "Dublin IRL"]
[Date "2019.04.18"]
[Round "2.27"]
[White "Harrington, Eoin"]
[Black "Hafstad, Leif"]
[Result "0-1"]
[WhiteElo "1585"]
[BlackElo "1857"]
[WhiteICU "1153"]
[WhiteClub "Ballyroan C.C."]
[WhiteNationality "IRL"]
[BlackNationality "ENG"]
[WhiteFideId "2513196"]
[BlackFideId "438030"]
[PlyCount "84"]
[EventDate "2019.04.17"]
[ICUid "50122"]
[HashCode "4d5d1909"]

{ Event information: <a
href="http://www.irlchess.com/irishopen2019_allfiles/pairings_irishopen2019.html">Tournament
report</a>. }

1. e4 c5 2. Nc3 e6 3. f4 Nc6 4. Nf3 d5 5. Bb5 Ne7 6. Qe2 d4 7. Nd1 a6 8.
Bxc6+ Nxc6 9. d3 b5 10. O-O Be7 11. Nf2 Qc7 12. e5 Bb7 13. Ne4 h6 14. Bd2
Rd8 15. Qf2 Nb4 16. Bxb4 cxb4 17. Rae1 Bc5 18. Qg3 Bxe4 19. Rxe4 O-O 20.
Nh4 Kh7 21. f5 exf5 22. Nxf5 g6 23. Nxh6 Qe7 24. Nf5 Qe6 25. Qh4+ Kg8 26.
Nh6+ Kg7 27. Ng4 Rh8 28. Qf6+ Qxf6 29. Rxf6 a5 30. e6 Rdf8 31. Rxf7+ Rxf7
32. exf7 Kxf7 33. Re5 Rh5 34. Kf2 Bd6 35. Re4 Rf5+ 36. Ke2 Rd5 37. h3 a4
38. Nf2 g5 39. Nd1 Be7 40. g4 Bf6 41. Kf2 Rc5 42. Re2 Rc6 0-1

[Event "Irish International Open 2019"]
[Site "Dublin IRL"]
[Date "2019.04.18"]
[Round "2.28"]
[White "Remenyik, David"]
[Black "Whelan, Niall P."]
[Result "1-0"]
[WhiteElo "1798"]
[BlackElo "1620"]
[WhiteICU "1844"]
[BlackICU "1373"]
[BlackClub "Rathmines"]
[WhiteNationality "IRL"]
[BlackNationality "IRL"]
[WhiteFideId "368178515"]
[BlackFideId "2500809"]
[PlyCount "75"]
[EventDate "2019.04.17"]
[HashCode "4bdf7100"]

{ Event information: <a
href="http://www.irlchess.com/irishopen2019_allfiles/pairings_irishopen2019.html">Tournament
report</a>. }

1. d4 d5 2. c4 dxc4 3. e3 Nf6 4. Bxc4 Bf5 5. Qb3 e6 6. Nc3 b6 7. Nf3 c6 8.
a4 Bd6 9. O-O O-O 10. Re1 Ne4 11. Nxe4 Bxe4 12. Nd2 Bg6 13. e4 Bf4 14. Nf3
Qf6 15. h3 Nd7 16. e5 Qf5 17. g4 Qc2 18. Bxf4 c5 19. Qxc2 Bxc2 20. Bb5 Rfd8
21. Bg5 f6 22. exf6 gxf6 23. Bxd7 Rxd7 24. Bxf6 Rf8 25. g5 Bf5 26. Kg2 h6
27. h4 Rh7 28. Rh1 cxd4 29. Nxd4 Be4+ 30. f3 Bd5 31. Rae1 Kf7 32. Rc1 hxg5
33. hxg5 Rxh1 34. Rxh1 Rg8 35. Rh7+ Kg6 36. Rxa7 e5 37. Ne2 e4 38. Nf4+ 1-0

[Event "Irish International Open 2019"]
[Site "Dublin IRL"]
[Date "2019.04.18"]
[Round "2.29"]
[White "Murray, Sam"]
[Black "O'Flaherty, Kevin"]
[Result "0-1"]
[WhiteElo "1554"]
[BlackElo "1889"]
[WhiteICU "1521"]
[BlackICU "1865"]
[WhiteClub "Gonzaga"]
[BlackClub "Univ. of Limerick"]
[WhiteNationality "IRL"]
[BlackNationality "IRL"]
[WhiteFideId "2508958"]
[BlackFideId "2502283"]
[PlyCount "34"]
[EventDate "2019.04.17"]
[HashCode "21ec35fd"]

{ Event information: <a
href="http://www.irlchess.com/irishopen2019_allfiles/pairings_irishopen2019.html">Tournament
report</a>. }

1. e4 e5 2. f4 d6 3. Nf3 Nc6 4. Bc4 h6 5. O-O Nf6 6. d3 Bg4 7. h3 Be6 8.
Bb5 Bd7 9. Bxc6 Bxc6 10. fxe5 dxe5 11. Nxe5 Qd4+ 12. Kh1 Qxe5 13. d4 Qh5
14. Qe1 Bxe4 15. Kh2 Qg6 16. g4 O-O-O 17. c3 Bxb1 0-1